[Event "VI Sunway Sitges Open 2019"]
[Site "Sitges"]
[Date "2019.12.17"]
[Round "5.32"]
[White "Sindarov, Javokhir"]
[Black "Alexiadis, Hristos"]
[Result "1/2-1/2"]
[WhiteElo "2526"]
[BlackElo "2346"]
[Annotator "ChessBase"]
[PlyCount "76"]
[EventDate "2019.12.13"]
[EventType "swiss"]
[EventCountry "ESP"]
[SourceTitle "playchess.com"]
[Source "ChessBase"]
[SourceQuality "1"]
[TimeControl "40/5400+30:1800+30"]

1. e4 {[%emt 0:06:44]} c5 {[%emt 0:00:07]} 2. Nc3 {[%emt 0:00:43]} d6 {[%emt 0:01:20]} 3. Nge2 {[%emt 0:01:48]} a6 {[%emt 0:01:04]} 4. g3 {[%emt 0:00:12]} g6 {[%emt 0:00:21]} 5. Bg2 {[%emt 0:01:05]} Bg7 {[%emt 0:00:09]} 6. d4 {[%emt 0:00:26]} cxd4 {[%emt 0:00:34]} 7. Nxd4 {[%emt 0:00:09]} Nf6 {[%emt 0:00:53]} 8. O-O {[%emt 0:00:11]} O-O {[%emt 0:00:10]} 9. Re1 {[%emt 0:00:31]} Bd7 {[%emt 0:05:30]} 10. Nd5 {[%emt 0:07:01]} Nc6 {[%emt 0:00:56]} 11. Nb3 {[%emt 0:00:14]} Ne5 {[%emt 0:13:08]} 12. Nd4 {[%emt 0:16:13]} Nc6 {[%emt 0:05:07]} 13. Be3 {[%emt 0:17:14]} Nxd4 {[%emt 0:03:41]} 14. Bxd4 {[%emt 0:00:22]} Bc6 {[%emt 0:00:24]} 15. Nxf6+ {[%emt 0:06:17]} Bxf6 {[%emt 0:00:09]} 16. Bxf6 {[%emt 0:02:24]} exf6 {[%emt 0:00:05]} 17. c4 {[%emt 0:00:18]} a5 {[%emt 0:05:34]} 18. Qd4 {[%emt 0:01:49]} Qe7 {[%emt 0:00:08]} 19. Rad1 {[%emt 0:00:08]} Rad8 {[%emt 0:01:45]} 20. Qc3 {[%emt 0:07:03]} a4 {[%emt 0:14:56]} 21. b4 {[%emt 0:04:22]} axb3 {[%emt 0:00:08]} 22. axb3 {[%emt 0:00:02]} Rfe8 {[%emt 0:00:23]} 23. b4 {[%emt 0:00:04]} b5 {[%emt 0:00:59]} 24. Bf1 {[%emt 0:02:24]} bxc4 {[%emt 0:17:05]} 25. Bxc4 {[%emt 0:00:04]} Bxe4 {[%emt 0:02:27]} 26. Bb5 {[%emt 0:11:21]} Rf8 {[%emt 0:05:06]} 27. Qd4 {[%emt 0:00:13]} f5 {[%emt 0:02:56]} 28. Bc6 {[%emt 0:00:56]} Qe5 {[%emt 0:01:34]} 29. Bxe4 {[%emt 0:00:43]} Qxd4 {[%emt 0:00:48]} 30. Rxd4 {[%emt 0:00:06]} fxe4 {[%emt 0:00:03]} 31. Rexe4 {[%emt 0:00:07]} Rd7 {[%emt 0:00:06]} 32. Kg2 {[%emt 0:03:36]} Kg7 {[%emt 0:00:50]} 33. Kf3 {[%emt 0:00:26]} d5 {[%emt 0:00:35]} 34. Re2 {[%emt 0:01:36]} Rb8 {[%emt 0:00:07]} 35. Rc2 {[%emt 0:02:29]} Rdb7 {[%emt 0:00:21]} 36. Rc5 {[%emt 0:03:19]} Rxb4 {[%emt 0:00:08]} 37. Rxb4 {[%emt 0:00:05]} Rxb4 {[%emt 0:00:04]} 38. Rxd5 {[%emt 0:00:04]} h5 {[%emt 0:00:10] Ke4} 1/2-1/2

[Event "VI Sunway Sitges Open 2019"]
[Site "Sitges"]
[Date "2019.12.17"]
[Round "5.33"]
[White "Harsha Bharathakoti"]
[Black "Ajay Krishna, S."]
[Result "1-0"]
[WhiteElo "2523"]
[BlackElo "2302"]
[Annotator "ChessBase"]
[PlyCount "129"]
[EventDate "2019.12.13"]
[EventType "swiss"]
[EventCountry "ESP"]
[SourceTitle "playchess.com"]
[Source "ChessBase"]
[SourceQuality "1"]
[TimeControl "40/5400+30:1800+30"]

1. e4 {[%emt 0:00:50]} c5 {[%emt 0:00:14]} 2. Nf3 {[%emt 0:01:00]} d6 {[%emt 0:00:20]} 3. d4 {[%emt 0:01:08]} cxd4 {[%emt 0:00:11]} 4. Qxd4 {[%emt 0:00:20]} Nc6 {[%emt 0:02:08]} 5. Bb5 {[%emt 0:07:48]} Bd7 {[%emt 0:00:42]} 6. Bxc6 {[%emt 0:01:00]} Bxc6 {[%emt 0:00:10]} 7. Nc3 {[%emt 0:00:29]} Nf6 {[%emt 0:00:47]} 8. Bg5 {[%emt 0:00:50]} e6 {[%emt 0:01:26]} 9. O-O-O {[%emt 0:00:57]} Be7 {[%emt 0:00:32]} 10. Rhe1 {[%emt 0:01:14]} O-O {[%emt 0:00:25]} 11. Qd3 {[%emt 0:00:19]} Qa5 {[%emt 0:01:45]} 12. Bh4 {[%emt 0:00:06]} Qh5 {[%emt 0:05:08]} 13. h3 {[%emt 0:01:17]} Rfe8 {[%emt 0:04:14]} 14. Qe3 {[%emt 0:24:41]} Qc5 {[%emt 0:10:04]} 15. Qxc5 {[%emt 0:02:36]} dxc5 {[%emt 0:00:13]} 16. Ne5 {[%emt 0:00:50]} Rac8 {[%emt 0:16:39]} 17. Nxc6 {[%emt 0:02:11]} Rxc6 {[%emt 0:00:13]} 18. e5 {[%emt 0:01:58]} Nd5 {[%emt 0:00:10]} 19. Bxe7 {[%emt 0:00:08]} Rxe7 {[%emt 0:00:16]} 20. Nxd5 {[%emt 0:00:17]} exd5 {[%emt 0:00:06]} 21. Rxd5 {[%emt 0:00:05]} f6 {[%emt 0:00:18]} 22. Kd2 {[%emt 0:02:52]} Kf7 {[%emt 0:02:57]} 23. Kc3 {[%emt 0:09:02]} b6 {[%emt 0:01:58]} 24. Kc4 {[%emt 0:07:02]} fxe5 {[%emt 0:08:23]} 25. Rexe5 {[%emt 0:02:30]} Rf6 {[%emt 0:00:16]} 26. Rxe7+ {[%emt 0:01:09]} Kxe7 {[%emt 0:00:07]} 27. Rd2 {[%emt 0:00:11]} Rf4+ {[%emt 0:00:43]} 28. Kd5 {[%emt 0:07:07]} Rf6 {[%emt 0:00:24]} 29. Re2+ {[%emt 0:00:03]} Kd7 {[%emt 0:00:47]} 30. c3 {[%emt 0:00:08]} Rd6+ {[%emt 0:03:29]} 31. Kc4 {[%emt 0:06:47]} Kc6 {[%emt 0:01:11]} 32. a4 {[%emt 0:01:06]} a6 {[%emt 0:06:11]} 33. f4 {[%emt 0:00:45]} Rf6 {[%emt 0:05:43]} 34. Re4 {[%emt 0:10:02]} Rd6 {[%emt 0:05:56]} 35. Re2 {[%emt 0:02:56]} Rf6 {[%emt 0:00:09]} 36. g3 {[%emt 0:01:53]} h5 {[%emt 0:00:53]} 37. h4 {[%emt 0:00:56]} b5+ {[%emt 0:08:57]} 38. axb5+ {[%emt 0:00:05]} axb5+ {[%emt 0:00:04]} 39. Kd3 {[%emt 0:04:18]} Rd6+ {[%emt 0:04:59]} 40. Ke4 {[%emt 0:00:00]} Re6+ {[%emt 0:00:00]} 41. Kf3 {[%emt 0:00:25]} Rd6 {[%emt 0:01:00]} 42. f5 {[%emt 0:01:24]} Rd1 {[%emt 0:02:58]} 43. Kf4 {[%emt 0:01:46]} Rg1 {[%emt 0:04:38]} 44. Re3 {[%emt 0:18:32]} Rg2 {[%emt 0:07:41]} 45. Kg5 {[%emt 0:02:28]} Rxb2 {[%emt 0:03:12]} 46. Kxh5 {[%emt 0:00:05]} Rb3 {[%emt 0:01:07]} 47. g4 {[%emt 0:01:17]} Kd7 {[%emt 0:04:42]} 48. Kg6 {[%emt 0:01:24]} b4 {[%emt 0:00:18]} 49. Kxg7 {[%emt 0:00:07]} Rxc3 {[%emt 0:00:06]} 50. Re1 {[%emt 0:00:38]} b3 {[%emt 0:00:39]} 51. f6 {[%emt 0:00:14]} c4 {[%emt 0:01:05]} 52. f7 {[%emt 0:02:02]} Rf3 {[%emt 0:00:06]} 53. h5 {[%emt 0:00:02]} c3 {[%emt 0:02:48]} 54. h6 {[%emt 0:00:07]} c2 {[%emt 0:00:49]} 55. h7 {[%emt 0:00:06]} b2 {[%emt 0:01:11]} 56. h8=Q {[%emt 0:00:06]} c1=Q {[%emt 0:01:24]} 57. Qe8+ {[%emt 0:00:12]} Kc7 {[%emt 0:00:03]} 58. Qe7+ {[%emt 0:01:38]} Kc6 {[%emt 0:01:59]} 59. Re6+ {[%emt 0:00:18]} Kd5 {[%emt 0:02:46]} 60. Qd7+ {[%emt 0:02:56]} Kc4 {[%emt 0:00:07]} 61. Rc6+ {[%emt 0:00:06]} Kb3 {[%emt 0:00:23]} 62. Qd5+ {[%emt 0:00:03]} Ka4 {[%emt 0:00:21]} 63. Ra6+ {[%emt 0:00:10]} Kb4 {[%emt 0:00:08]} 64. Rb6+ {[%emt 0:00:08]} Ka4 {[%emt 0:00:22]} 65. Qa8# {[%emt 0:00:05]} 1-0

[Event "VI Sunway Sitges Open 2019"]
[Site "Sitges"]
[Date "2019.12.17"]
[Round "5.34"]
[White "Dhulipalla Bala Chandra Prasad"]
[Black "Narciso Dublan, Marc"]
[Result "1/2-1/2"]
[WhiteElo "2414"]
[BlackElo "2516"]
[Annotator "ChessBase"]
[PlyCount "78"]
[EventDate "2019.12.13"]
[EventType "swiss"]
[EventCountry "ESP"]
[SourceTitle "playchess.com"]
[Source "ChessBase"]
[SourceQuality "1"]
[TimeControl "40/5400+30:1800+30"]

1. d4 {[%emt 0:00:00]} Nf6 {[%emt 0:00:00]} 2. c4 {[%emt 0:00:00]} e6 {[%emt 0:00:18]} 3. g3 {[%emt 0:00:36]} Bb4+ {[%emt 0:00:30]} 4. Bd2 {[%emt 0:00:30]} c5 {[%emt 0:00:30]} 5. Bxb4 {[%emt 0:00:30]} cxb4 {[%emt 0:00:30]} 6. Bg2 {[%emt 0:00:30]} O-O {[%emt 0:00:30]} 7. e4 {[%emt 0:00:30]} d6 {[%emt 0:00:30]} 8. Ne2 {[%emt 0:00:30]} e5 {[%emt 0:00:30]} 9. O-O {[%emt 0:00:30]} a5 {[%emt 0:00:30]} 10. a3 {[%emt 0:00:30]} Ra6 {[%emt 0:00:30]} 11. axb4 {[%emt 0:00:30]} axb4 {[%emt 0:00:30]} 12. Nd2 {[%emt 0:00:30]} Bg4 {[%emt 0:00:30]} 13. f3 {[%emt 0:00:30]} Bd7 {[%emt 0:00:30]} 14. Kh1 {[%emt 0:00:30]} Nc6 {[%emt 0:00:30]} 15. Nb3 {[%emt 0:00:30]} Rxa1 {[%emt 0:00:30]} 16. Qxa1 {[%emt 0:00:30]} Qb6 {[%emt 0:00:30]} 17. d5 {[%emt 0:00:30]} Nb8 {[%emt 0:00:30]} 18. Qa5 {[%emt 0:00:30]} Qe3 {[%emt 0:00:30]} 19. Nec1 {[%emt 0:00:30]} Na6 {[%emt 0:00:30]} 20. c5 {[%emt 0:00:30]} dxc5 {[%emt 0:00:30]} 21. Qb6 {[%emt 0:00:30]} h5 {[%emt 0:00:30]} 22. Na5 {[%emt 0:00:30]} h4 {[%emt 0:00:30]} 23. gxh4 {[%emt 0:00:30]} Nh5 {[%emt 0:00:30]} 24. Qxb7 {[%emt 0:00:30]} Nb8 {[%emt 0:00:30]} 25. Nc4 {[%emt 0:00:30]} Qd4 {[%emt 0:00:30]} 26. Nb6 {[%emt 0:00:30]} Bb5 {[%emt 0:00:30]} 27. Rg1 {[%emt 0:00:30]} Nf4 {[%emt 0:00:30]} 28. Nc8 {[%emt 0:00:30]} Ba6 {[%emt 0:00:30]} 29. Ne7+ {[%emt 0:00:30]} Kh8 {[%emt 0:00:30]} 30. Qc7 {[%emt 0:00:30]} Nxg2 {[%emt 0:00:30]} 31. Nf5 {[%emt 0:00:30]} Qxb2 {[%emt 0:00:30]} 32. Qe7 {[%emt 0:00:30]} Rg8 {[%emt 0:00:30]} 33. Qg5 {[%emt 0:00:30]} Nf4 {[%emt 0:00:30]} 34. Nxg7 {[%emt 0:00:30]} Kh7 {[%emt 0:00:30]} 35. Qf5+ {[%emt 0:00:30]} Kh8 {[%emt 0:00:30]} 36. Qf6 {[%emt 0:00:30]} Kh7 {[%emt 0:00:30]} 37. Qxf7 {[%emt 0:00:30]} Kh8 {[%emt 0:00:30]} 38. Qf6 {[%emt 0:00:30]} Kh7 {[%emt 0:00:30]} 39. Qf5+ {[%emt 0:00:30]} Kh8 {[%emt 0:00:30]} 1/2-1/2

[Event "VI Sunway Sitges Open 2019"]
[Site "Sitges"]
[Date "2019.12.17"]
[Round "5.35"]
[White "Krishnater Kushager"]
[Black "Karthikeyan, Murali"]
[Result "0-1"]
[WhiteElo "2308"]
[BlackElo "2611"]
[Annotator "ChessBase"]
[PlyCount "68"]
[EventDate "2019.12.13"]
[EventType "swiss"]
[EventCountry "ESP"]
[SourceTitle "playchess.com"]
[Source "ChessBase"]
[SourceQuality "1"]
[TimeControl "40/5400+30:1800+30"]

1. d4 {[%emt 0:00:00]} Nf6 {[%emt 0:00:00]} 2. c4 {[%emt 0:00:00]} e6 {[%emt 0:00:16]} 3. Nf3 {[%emt 0:00:00]} Nc6 {[%emt 0:01:59]} 4. g3 {[%emt 0:03:13]} Bb4+ {[%emt 0:00:15]} 5. Bd2 {[%emt 0:01:21]} Qe7 {[%emt 0:01:20]} 6. Bg2 {[%emt 0:02:28]} Bxd2+ {[%emt 0:01:53]} 7. Nbxd2 {[%emt 0:05:22]} d6 {[%emt 0:00:27]} 8. O-O {[%emt 0:01:05]} O-O {[%emt 0:01:38]} 9. Qc2 {[%emt 0:02:49]} a5 {[%emt 0:04:25]} 10. Qc3 {[%emt 0:06:19]} e5 {[%emt 0:06:09]} 11. d5 {[%emt 0:01:33]} Nb8 {[%emt 0:00:20]} 12. e4 {[%emt 0:02:56]} Nbd7 {[%emt 0:05:04]} 13. Ne1 {[%emt 0:19:11]} Nc5 {[%emt 0:03:34]} 14. Nc2 {[%emt 0:00:05]} c6 {[%emt 0:03:52]} 15. b3 {[%emt 0:02:55]} cxd5 {[%emt 0:09:16]} 16. exd5 {[%emt 0:01:03]} Bf5 {[%emt 0:02:36]} 17. a3 {[%emt 0:05:01]} b5 {[%emt 0:18:50]} 18. cxb5 {[%emt 0:03:36]} Bd3 {[%emt 0:01:18]} 19. a4 {[%emt 0:04:52]} Bxf1 {[%emt 0:01:08]} 20. Rxf1 {[%emt 0:01:06]} Qc7 {[%emt 0:10:24]} 21. Nc4 {[%emt 0:02:13]} Nfd7 {[%emt 0:00:37]} 22. N2e3 {[%emt 0:07:55]} f5 {[%emt 0:00:13]} 23. f4 {[%emt 0:00:29]} Ne4 {[%emt 0:04:13]} 24. Qc2 {[%emt 0:01:37]} Qc5 {[%emt 0:00:19]} 25. Kh1 {[%emt 0:03:56]} exf4 {[%emt 0:03:59]} 26. Nxf5 {[%emt 0:01:11]} Rxf5 {[%emt 0:00:27]} 27. Qxe4 {[%emt 0:01:51]} Rf6 {[%emt 0:00:18]} 28. gxf4 {[%emt 0:04:44]} Qb4 {[%emt 0:00:21]} 29. Qe7 {[%emt 0:04:21]} Nc5 {[%emt 0:02:17]} 30. Rg1 {[%emt 0:05:19]} Raf8 {[%emt 0:02:09]} 31. Bh3 {[%emt 0:01:40]} g6 {[%emt 0:01:14]} 32. Nxd6 {[%emt 0:01:26]} Qxb3 {[%emt 0:02:38]} 33. Ne8 {[%emt 0:02:52]} R6f7 {[%emt 0:00:09]} 34. Qxc5 {[%emt 0:00:33]} Qxh3 {[%emt 0:00:08]} 0-1

[Event "VI Sunway Sitges Open 2019"]
[Site "Sitges"]
[Date "2019.12.17"]
[Round "5.36"]
[White "Gorshtein, Ido"]
[Black "Edouard, Romain"]
[Result "0-1"]
[WhiteElo "2372"]
[BlackElo "2653"]
[Annotator "TA"]
[PlyCount "66"]
[EventDate "2019.12.13"]
[EventType "swiss"]
[EventCountry "ESP"]
[SourceTitle "playchess.com"]
[Source "ChessBase"]
[SourceQuality "1"]

{[%evp 21,86,25,24,10,9,9,21,25,70,68,72,50,103,83,84,73,94,5,5,0,0,0,60,42,65,60,60,48,68,76,87,76,76,61,64,70,77,66,90,88,92,81,92,-173,-174,-1075,-1066,-1059,-1055,-1015,-1007,-972,-928,-796,-428,-435,-428,-454,-454,-454,-454,-454,-426,-402,-400,-459,-452]} 1. c4 c5 2. Nc3 g6 3. g3 Bg7 4. Bg2 Nc6 5. b3 e6 6. Ba3 d6 7. e3 Nge7 8. Nge2 e5 9. Bb2 a6 10. d3 O-O 11. O-O Rb8 12. Qd2 {A36: Symmetrical English vs ...g6: 4 Bg2 Bg7} b5 13. Rad1 (13. Nd5 Be6 14. Rae1 Qd7 15. f4 f5 16. Nec3 Kh8 17. Nxe7 Nxe7 18. Nd5 Rbe8 19. Qa5 Nc6 20. Qd2 Ne7 21. Kh1 Nxd5 22. cxd5 {0-1 (47) Topalov,V (2740)-Wei,Y (2736) Abidjan 2019}) 13... Be6 14. f4 $146 {The position is equal.} ({Predecessor (3):} 14. Ne4 h6 15. cxb5 axb5 16. d4 cxd4 17. exd4 f5 18. dxe5 fxe4 19. exd6 Nf5 20. Bxg7 Nxg7 21. Bxe4 {0-1 (48) Grabinsky,V (2281)-Maletin,P (2527) Cappelle-la-Grande 2007}) 14... exf4 15. Nxf4 Bg4 16. Rb1 bxc4 (16... Bf5 $14) 17. dxc4 $16 Ne5 18. Ba1 g5 19. h3 ({White should try} 19. Nfd5 $16) 19... gxf4 $11 20. gxf4 Bf5 {And now ...Nxc4! would win.} 21. e4 {[#]} N5g6 (21... Nxc4 $1 $11 {[%mdl 512]} 22. bxc4 Rxb1 23. Rxb1 Be6) 22. exf5 $14 Bd4+ 23. Kh2 Nxf5 24. Nd5 Re8 25. Qd3 $1 {[%cal Rd3f5]} Bxa1 26. Rxa1 Nd4 27. f5 Ne5 28. Qg3+ Kh8 29. f6 {[%csl Gf6][%cal Rg3g7]} Rg8 30. Qh4 {Strongly threatening Be4.} Qa5 {aiming for ...Qd2!} 31. Qf2 $1 Rg5 {[#]} 32. Be4 $2 {[%mdl 8192] [#]} (32. Ne7 $1 $16 {is necessary to keep the advantage.}) 32... Rbg8 $1 $19 33. Qh4 $2 {[#]} (33. Nf4) 33... Ndf3+ {Played: Ne5-f3} 0-1

[Event "VI Sunway Sitges Open 2019"]
[Site "Sitges"]
[Date "2019.12.17"]
[Round "5.37"]
[White "Manu David Suthandram R"]
[Black "Adly, Ahmed"]
[Result "1/2-1/2"]
[WhiteElo "2369"]
[BlackElo "2607"]
[Annotator "ChessBase"]
[PlyCount "117"]
[EventDate "2019.12.13"]
[EventType "swiss"]
[EventCountry "ESP"]
[SourceTitle "playchess.com"]
[Source "ChessBase"]
[SourceQuality "1"]
[TimeControl "40/5400+30:1800+30"]

1. e4 {[%emt 0:00:00]} b6 {[%emt 0:07:49]} 2. Nc3 {[%emt 0:03:31]} Bb7 {[%emt 0:00:29]} 3. d4 {[%emt 0:00:30]} e6 {[%emt 0:00:03]} 4. Bd3 {[%emt 0:00:50]} g6 {[%emt 0:01:08]} 5. Nf3 {[%emt 0:01:19]} d6 {[%emt 0:00:02]} 6. Bg5 {[%emt 0:06:15]} Qc8 {[%emt 0:00:03]} 7. h4 {[%emt 0:03:35]} h6 {[%emt 0:00:16]} 8. Bf4 {[%emt 0:00:05]} Nd7 {[%emt 0:00:20]} 9. Qe2 {[%emt 0:06:28]} a6 {[%emt 0:00:24]} 10. Nd1 {[%emt 0:00:17]} Bg7 {[%emt 0:00:14]} 11. Ne3 {[%emt 0:06:08]} Ne7 {[%emt 0:04:11]} 12. Nc4 {[%emt 0:11:04]} Qb8 {[%emt 0:35:56]} 13. c3 {[%emt 0:09:39]} Nc6 {[%emt 0:06:43]} 14. Bg3 {[%emt 0:13:13]} Qd8 {[%emt 0:08:36]} 15. Ne3 {[%emt 0:07:46]} Qe7 {[%emt 0:01:33]} 16. Bc2 {[%emt 0:04:11]} Nd8 {[%emt 0:03:53]} 17. h5 {[%emt 0:02:58]} g5 {[%emt 0:00:23]} 18. O-O-O {[%emt 0:01:51]} Nc6 {[%emt 0:01:05]} 19. Bd3 {[%emt 0:01:24]} b5 {[%emt 0:00:53]} 20. Rhe1 {[%emt 0:03:21]} b4 {[%emt 0:03:47]} 21. Qc2 {[%emt 0:02:30]} bxc3 {[%emt 0:01:06]} 22. Nf5 {[%emt 0:00:55]} exf5 {[%emt 0:05:54]} 23. exf5 {[%emt 0:00:07]} cxb2+ {[%emt 0:00:14]} 24. Kb1 {[%emt 0:07:56]} Kd8 {[%emt 0:00:07]} 25. Rxe7 {[%emt 0:00:09]} Nxe7 {[%emt 0:00:02]} 26. Bc4 {[%emt 0:01:01]} Nd5 {[%emt 0:00:57]} 27. Ne5 {[%emt 0:01:30]} Rf8 {[%emt 0:03:47]} 28. Bxd5 {[%emt 0:00:06]} Bxd5 {[%emt 0:00:21]} 29. Nc6+ {[%emt 0:00:02]} Bxc6 {[%emt 0:00:18]} 30. Qxc6 {[%emt 0:00:05]} Rb8 {[%emt 0:03:54]} 31. Rd2 {[%emt 0:01:37]} Re8 {[%emt 0:00:03]} 32. f3 {[%emt 0:00:06]} Rb6 {[%emt 0:03:06]} 33. Qc4 {[%emt 0:01:12]} Nf6 {[%emt 0:00:47]} 34. Rxb2 {[%emt 0:01:45]} Rxb2+ {[%emt 0:00:02]} 35. Kxb2 {[%emt 0:00:06]} Nxh5 {[%emt 0:00:03]} 36. Bh2 {[%emt 0:00:32]} Re1 {[%emt 0:01:40]} 37. g4 {[%emt 0:00:53]} Rh1 {[%emt 0:00:22]} 38. gxh5 {[%emt 0:00:25]} Rxh2+ {[%emt 0:00:04]} 39. Kb3 {[%emt 0:00:18]} Rf2 {[%emt 0:02:11]} 40. Qxf7 {[%emt 0:00:00]} Bxd4 {[%emt 0:00:00]} 41. Kc4 {[%emt 0:01:13]} Be5 {[%emt 0:00:22]} 42. Qg8+ {[%emt 0:00:53]} Kd7 {[%emt 0:00:06]} 43. Qe6+ {[%emt 0:00:07]} Kc6 {[%emt 0:01:16]} 44. Qe8+ {[%emt 0:03:34]} Kb7 {[%emt 0:00:40]} 45. Kd5 {[%emt 0:00:16]} Rxf3 {[%emt 0:01:31]} 46. Qc6+ {[%emt 0:00:04]} Kb8 {[%emt 0:00:05]} 47. Ke6 {[%emt 0:00:05]} g4 {[%emt 0:00:46]} 48. Kd7 {[%emt 0:02:15]} d5 {[%emt 0:03:43]} 49. Qe6 {[%emt 0:12:14]} Bd6 {[%emt 0:03:19]} 50. Qxd5 {[%emt 0:04:24]} Rf4 {[%emt 0:00:01]} 51. a3 {[%emt 0:02:01]} Ka7 {[%emt 0:02:32]} 52. f6 {[%emt 0:07:22]} g3 {[%emt 0:00:47]} 53. f7 {[%emt 0:01:10]} g2 {[%emt 0:01:53]} 54. Qxg2 {[%emt 0:00:19]} Rxf7+ {[%emt 0:00:10]} 55. Kc6 {[%emt 0:01:38]} Rf5 {[%emt 0:03:24]} 56. Qg6 {[%emt 0:00:43]} Rc5+ {[%emt 0:00:59]} 57. Kd7 {[%emt 0:00:26]} Bf4 {[%emt 0:02:17]} 58. Qg1 {[%emt 0:01:25]} Kb6 {[%emt 0:00:24]} 59. Qd4 {[%emt 0:00:49]} 1/2-1/2

[Event "VI Sunway Sitges Open 2019"]
[Site "Sitges"]
[Date "2019.12.17"]
[Round "5.38"]
[White "Pablo Mari, Alejandro"]
[Black "Bjerre, Jonas Buhl"]
[Result "0-1"]
[WhiteElo "2356"]
[BlackElo "2526"]
[Annotator "ChessBase"]
[PlyCount "111"]
[EventDate "2019.12.13"]
[EventType "swiss"]
[EventCountry "ESP"]
[SourceTitle "playchess.com"]
[Source "ChessBase"]
[SourceQuality "1"]
[TimeControl "40/5400+30:1800+30"]

1. c4 {[%emt 0:00:00]} c5 {[%emt 0:00:00]} 2. Nf3 {[%emt 0:00:00]} Nc6 {[%emt 0:00:07]} 3. Nc3 {[%emt 0:00:06]} g6 {[%emt 0:00:35]} 4. e3 {[%emt 0:00:58]} Nf6 {[%emt 0:01:06]} 5. d4 {[%emt 0:02:25]} cxd4 {[%emt 0:00:19]} 6. exd4 {[%emt 0:00:06]} d5 {[%emt 0:00:22]} 7. cxd5 {[%emt 0:02:31]} Nxd5 {[%emt 0:00:12]} 8. Qb3 {[%emt 0:01:22]} e6 {[%emt 0:01:48]} 9. Bb5 {[%emt 0:09:29]} Bg7 {[%emt 0:00:55]} 10. O-O {[%emt 0:10:07]} O-O {[%emt 0:01:14]} 11. Rd1 {[%emt 0:09:07]} Na5 {[%emt 0:08:23]} 12. Qa3 {[%emt 0:15:37]} b6 {[%emt 0:10:39]} 13. Bg5 {[%emt 0:07:33]} f6 {[%emt 0:05:08]} 14. Bd2 {[%emt 0:00:16]} Rf7 {[%emt 0:14:51]} 15. Ne4 {[%emt 0:06:13]} Bf8 {[%emt 0:03:41]} 16. Qd3 {[%emt 0:02:32]} a6 {[%emt 0:05:25]} 17. Ba4 {[%emt 0:00:06]} Bb4 {[%emt 0:02:55]} 18. a3 {[%emt 0:21:00]} Bxd2 {[%emt 0:00:24]} 19. Nexd2 {[%emt 0:02:30]} Bb7 {[%emt 0:09:13]} 20. Rac1 {[%emt 0:01:16]} Rc8 {[%emt 0:00:57]} 21. b4 {[%emt 0:01:11]} Nc6 {[%emt 0:01:29]} 22. Bb3 {[%emt 0:00:52]} Rfc7 {[%emt 0:03:06]} 23. Qe4 {[%emt 0:01:28]} Qd7 {[%emt 0:08:22]} 24. Bxd5 {[%emt 0:00:15]} exd5 {[%emt 0:00:04]} 25. Qe1 {[%emt 0:00:08]} Kf7 {[%emt 0:03:53]} 26. Nf1 {[%emt 0:00:51]} Na7 {[%emt 0:00:28]} 27. Rxc7 {[%emt 0:01:25]} Qxc7 {[%emt 0:00:38]} 28. Qe3 {[%emt 0:00:15]} Nb5 {[%emt 0:02:16]} 29. Re1 {[%emt 0:00:45]} Qd7 {[%emt 0:01:25]} 30. Qf4 {[%emt 0:01:19]} Kg7 {[%emt 0:00:46]} 31. h4 {[%emt 0:00:29]} h5 {[%emt 0:02:28]} 32. Qe3 {[%emt 0:00:15]} Rc7 {[%emt 0:00:57]} 33. Ng3 {[%emt 0:01:24]} Nd6 {[%emt 0:00:36]} 34. Rc1 {[%emt 0:00:57]} Nc4 {[%emt 0:01:10]} 35. Qf4 {[%emt 0:00:07]} Rc8 {[%emt 0:00:08]} 36. Rc3 {[%emt 0:00:22]} Qg4 {[%emt 0:01:21]} 37. Qc1 {[%emt 0:00:53]} Re8 {[%emt 0:00:45]} 38. Nf1 {[%emt 0:00:18]} b5 {[%emt 0:01:14]} 39. Qd1 {[%emt 0:00:53]} Qf4 {[%emt 0:01:05]} 40. a4 {[%emt 0:00:00]} Qd6 {[%emt 0:00:00]} 41. axb5 {[%emt 0:01:01]} axb5 {[%emt 0:01:44]} 42. Rb3 {[%emt 0:01:54]} Bc8 {[%emt 0:10:10]} 43. Qc1 {[%emt 0:07:07]} Bg4 {[%emt 0:04:36]} 44. N3h2 {[%emt 0:02:06]} Re2 {[%emt 0:06:28]} 45. Nxg4 {[%emt 0:11:29]} hxg4 {[%emt 0:00:05]} 46. h5 {[%emt 0:00:20]} Qe6 {[%emt 0:04:36]} 47. Qf4 {[%emt 0:03:00]} Re1 {[%emt 0:01:02]} 48. f3 {[%emt 0:04:06]} g5 {[%emt 0:05:42]} 49. Qc7+ {[%emt 0:01:40]} Qf7 {[%emt 0:00:51]} 50. h6+ {[%emt 0:01:44]} Kg6 {[%emt 0:00:32]} 51. Qg3 {[%emt 0:01:02]} Rxf1+ {[%emt 0:02:59]} 52. Kxf1 {[%emt 0:00:02]} Nd2+ {[%emt 0:02:46]} 53. Kg1 {[%emt 0:00:02]} Nxb3 {[%emt 0:00:01]} 54. fxg4 Nd2 55. Qd3+ {[%emt 0:00:01]} Ne4 {[%emt 0:00:02]} 56. Qxb5 0-1